A commentary on the Civil Procedure Act Cap 21 / (Record no. 952)
| 000 -LEADER | |
|---|---|
| fixed length control field | 00545cam a2200205 a 4500 |
| 001 - CONTROL NUMBER | |
| control field | 16810952 |
| 003 - CONTROL NUMBER IDENTIFIER | |
| control field | OSt |
| 005 - DATE AND TIME OF LATEST TRANSACTION | |
| control field | 20140116120842.0 |
| 008 - FIXED-LENGTH DATA ELEMENTS--GENERAL INFORMATION | |
| fixed length control field | 110606s2010 ke l 000 0 eng |
| 010 ## - LIBRARY OF CONGRESS CONTROL NUMBER | |
| LC control number | 2011342745 |
| 020 ## - INTERNATIONAL STANDARD BOOK NUMBER | |
| Cancelled/invalid ISBN | 9966153227 |
| 043 ## - GEOGRAPHIC AREA CODE | |
| Geographic area code | f-ke--- |
| 050 00 - LIBRARY OF CONGRESS CALL NUMBER | |
| Classification number | KSK3564.5.O96 2010 |
| 100 1# - MAIN ENTRY--PERSONAL NAME | |
| Personal name | Ouma, Steve. |
| 245 12 - TITLE STATEMENT | |
| Title | A commentary on the Civil Procedure Act Cap 21 / |
| Statement of responsibility, etc | Steve Ouma. |
| 260 ## - PUBLICATION, DISTRIBUTION, ETC. (IMPRINT) | |
| Place of publication, distribution, etc | Nairobi : |
| Name of publisher, distributor, etc | LawAfrica Pub., |
| Date of publication, distribution, etc | 2010. |
| 300 ## - PHYSICAL DESCRIPTION | |
| Extent | xliv, 497 p. ; |
| Dimensions | 22 cm. |
| 650 #0 - SUBJECT ADDED ENTRY--TOPICAL TERM | |
| Topical term or geographic name as entry element | Civil procedure |
| Geographic subdivision | kenya. |
| 942 ## - ADDED ENTRY ELEMENTS (KOHA) | |
| Source of classification or shelving scheme | |
| Koha item type | Book |
| Withdrawn status | Lost status | Source of classification or shelving scheme | Damaged status | Not for loan | Home library | Current library | Shelving location | Date acquired | Total Checkouts | Total Renewals | Full call number | Barcode | Checked out | Date last seen | Date checked out | Copy number | Price effective from | Koha item type | Cost, normal purchase price |
|---|---|---|---|---|---|---|---|---|---|---|---|---|---|---|---|---|---|---|---|
| Riara University Library | Riara University Library | Short Loan | 23/06/2012 | 41 | 3 | KSK3564.5.O96 2010 | 3377/12 | 27/04/2026 | 10/04/2026 | 10/04/2026 | C.1 | 23/06/2012 | Book | ||||||
| Riara University Library | Riara University Library | 05/02/2013 | 62 | 18 | KSK3564.5.O96 2010 | 3759/12 | 27/04/2026 | 10/04/2026 | 10/04/2026 | C.2 | 05/02/2013 | Book | |||||||
| Riara University Library | Riara University Library | 05/02/2013 | 23 | 5 | KSK3564.5.O96 2010 | 3760/12 | 25/10/2016 | 22/09/2016 | 22/09/2016 | C.3 | 05/02/2013 | Book | |||||||
| Riara University Library | Riara University Library | 17/11/2014 | 35 | 10 | KSK3564.5.O96 2013 | 5091/14 | 20/08/2025 | 25/07/2025 | C.4 | 17/11/2014 | Book | 1600.00 | |||||||
| Riara University Library | Riara University Library | 17/11/2014 | 31 | 8 | KSK3564.5.O96 2013 | 5092/14 | 05/02/2026 | 20/01/2026 | 20/01/2026 | C.5 | 17/11/2014 | Book | 1600.00 | ||||||
| Riara University Library | Riara University Library | 17/11/2014 | 27 | 14 | KSK3564.5.O96 2013 | 5093/14 | 07/04/2026 | 24/03/2026 | C.6 | 17/11/2014 | Book | 1600.00 | |||||||
| Riara University Library | Riara University Library | 17/11/2014 | 47 | 14 | KSK3564.5.O96 2013 | 5094/14 | 05/02/2026 | 20/01/2026 | 20/01/2026 | C.7 | 17/11/2014 | Book | 1600.00 | ||||||
| Riara University Library | Riara University Library | 17/11/2014 | 30 | 9 | KSK3564.5.O96 2013 | 5095/14 | 04/03/2022 | 24/02/2022 | C.8 | 17/11/2014 | Reference material | 1600.00 |
